Statistics for Faded Alan Walker

Click here to take the quiz!

General Stats

  • This quiz has been taken 54 times
  • The average score is 3 of 5

Answer Stats

Song peiceAnswer% Correct
Where are ______ nowYou
95%
You are the _________ to my lightShadow
86%
I fade ____Away
86%
And now i _______ awayFade
70%
Was it all a __________Fantasty
2%

Score Distribution

Percentile by Number Answered

Percent of People with Each Score

Your Score History

You have not taken this quiz